Classifica Marcatori Bundesliga 2012-2013 - Statistics

Statistiche generali
  • Questo quiz è stato fatto 4 volte
  • Il punteggio medio è 5 su 18
Statistiche sulle risposte
Gol Nazione Squadra Calciatore % Corretto
24 Polonia Borussia Dortmund Robert Lewandowski
100%
14 Germania Borussia Dortmund Marco Reus
75%
13 Ungheria Magonza Ádám Szalai
50%
11 Polonia Bayern Monaco Mario Gómez
50%
15 Croazia Bayern Monaco Mario Mandžukić
50%
12 Corea del Sud Amburgo Son Heung-Min
50%
25 Germania Bayer Leverkusen Stefan Kießling
50%
16 Germania E. Francoforte Alexander Meier
25%
11 Polonia Borussia Dortmund Jakub Błaszczykowski
25%
13 Germania Bayern Monaco Thomas Müller
25%
15 Bosnia ed Erzegovina Stoccarda Vedad Ibišević
25%
11 Germania Werder Brema Aaron Hunt
0%
11 Germania Bayer Leverkusen André Schürrle
0%
12 Lettonia Amburgo Artjoms Rudņevs
0%
11 Francia Friburgo Jonathan Schmid
0%
12 Senegal Hannover 96 Mame Diouf
0%
11 Germania Friburgo Max Kruse
0%
11 Germania Werder Brema Nils Petersen
0%
Nessun quiz corrispondente trovato
Distribuzione punteggi
Percentuale di utenti per punteggio
Percentile per numero di risposta
I tuoi punteggi nel tempo
Non hai fatto questo quiz